00000000nam 2200000zi 4500
0019.867659
003CaOODSP
00520241203113645
006m     o  d f      
007cr nn|||||||||
008190128s1986    oncab   ob   f000 0 eng d
040 |aCaOODSP|beng|erda|cCaOODSP
041 |aeng|bfre
043 |an-cn---
0861 |aEn13-5/86-93E-PDF
1001 |aXu, Hao, |d1957- |eauthor.
24510|aATP-TOX system - a new rapid, sensitive bacterial toxicity screening system based on the determination of ATP / |cby Hao Xu and B.J. Dutka.
264 1|aBurlington, Ontario : |bNational Water Research Institute, Canada Centre for Inland Waters, |c1986.
300 |a1 online resource (19 pages, 10 unnumbered pages) : |billustrations, map.
336 |atext|btxt|2rdacontent
337 |acomputer|bc|2rdamedia
338 |aonline resource|bcr|2rdacarrier
4901 |aNWRI contribution ; |v86-93
500 |aCover title.
500 |a"Control no. AM311."
500 |a"March 1986."
500 |aDigitized edition from print [produced by Environment and Climate Change Canada].
504 |aIncludes bibliographical references.
546 |aIncludes abstract and executive summary in French.
693 4|aBacteria--Effect of contaminated sediments on
693 4|aToxicity testing
7001 |aDutka, B. J., |eauthor.
7101 |aCanada. |bEnvironment Canada.
7102 |aNational Water Research Institute (Canada)
830#0|aNWRI contribution ;|v86-93.|w(CaOODSP)9.844121
85640|qPDF|s1.96 MB|uhttps://publications.gc.ca/collections/collection_2019/eccc/En13-5-86-93-eng.pdf